Whose TV Series? (Comedy) Quiz Stats

 Plays Quiz Updated Aug 5, 2019

Score 0/20 Timer 06:00
8 Plays Today
% Correct
Garfield
97.5%
Malcolm Wilkerson
95.7%
Jerry Seinfeld
95.5%
Sheldon Cooper
95.4%
ALF
94.7%
Dexter
94.4%
Mr. Bean
94.3%
Lucy Ricardo
94%
Frasier Crane
93.6%
Ray Barone
92.8%
% Correct
Cleveland Brown
89.6%
Jane Villaneuva
88.5%
Fred G. Sanford
87.5%
Kimmy Schmidt
87.4%
Mister Ed
86.3%
Basil Fawlty
83.1%
Martin Payne
81.6%
Edmund Blackadder
74.7%
Albert Steptoe
74.3%
King Julien
64.5%

You're not logged in!

Compare scores with friends on all Sporcle quizzes.
OR
Log In

Sporcle TV

Today on Sporcle TV


Watch our educational content, quiz creation guides, and fun videos on Sporcle TV.

Show Comments

Extras

Top Quizzes Today


Score Distribution

Your Account Isn't Verified!

In order to create a playlist on Sporcle, you need to verify the email address you used during registration. Go to your Sporcle Settings to finish the process.

Report this User

Report this user for behavior that violates our Community Guidelines.

Details: